| 000 | 00556nam a22001697a 4500 | ||
|---|---|---|---|
| 005 | 20120411120641.0 | ||
| 020 | _c95.00 | ||
| 035 | _aB-77573 | ||
| 037 |
_aDPL _bENG |
||
| 100 |
_aSinghal, J.P. _944952 |
||
| 245 |
_aSocial science : _b(For class X) / _cby J.P. Singhal and Gulshan Rai |
||
| 260 |
_aBangalore _bLaxmi Publications (P) Ltd. _c2004 |
||
| 300 |
_axiii, 365p. _c22 cms. |
||
| 700 |
_aRai, Gulshan _944953 |
||
| 942 |
_2ddc _cEN _h300 _mSIN |
||
| 999 |
_c64852 _d64852 |
||